000 00694nam a22002177a 4500
003 UA-OsUOA
001 117425
007 ta
008 20160523b un ||||| |||| 00| 0 ukr d
100 _aШкарлет С.М.
090 _a330(477)
_bШ66
942 _cSA
040 _aUA-OsUOA
_bukr
_cUA-OsUOA
_dUA-OsUOA
245 _aФормування стратегій розбудови економіки інформаційного типу з метою забезпечення економічної безпеки держави
300 _aС.17-29
955 _a0
041 _aukr
080 _a330(477)
773 0 _w117424
650 7 _a330 Економіка взагалі
_2UDC
999 _c403454
_d403454